Social exclusion and knowledge.

Exclusión social y conocimiento\\Este artículo ofrece una reflexión crítica sobre las repercusiones de las distintas maneras en que se han definido y ubicado a los sectores empobrecidos, por parte de los gobiernos e instituciones internacionales que lo financian, que se refejan en categorías rígidas...

Full description

Bibliographic Details
Main Author: Sosa Elízaga, Raquel
Format: Libro
Language:English
Published: Sage Publications 2002
Subjects:

MARC

LEADER 00000cam a2200000 a 4500
001 029921
003 UAHC_CL
005 20170803123140.0
008 020730b xx j 000 1 eng
040 |a UAHC_CL  |c UAHC_CL  |d UAHC_CL 
100 1 |a Sosa Elízaga, Raquel 
245 1 0 |a Social exclusion and knowledge. 
260 |b Sage Publications  |c 2002 
500 |a En : Current Sociology, n¼1, january 2002 
520 |a Exclusión social y conocimiento\\Este artículo ofrece una reflexión crítica sobre las repercusiones de las distintas maneras en que se han definido y ubicado a los sectores empobrecidos, por parte de los gobiernos e instituciones internacionales que lo financian, que se refejan en categorías rígidas y homogeneizantes así como en políticas equívocas e inconscientes de combate a la pobreza. Paralelamente, señala que recientemenete se han desplegados esfuerzos por comprender las demandas específicas de justicia social, de equidad, de tolerancia y respeto a la diversidad, la integración verdadera, que presentan grupos de excluidos. en este sentido, la autora propone el reconocimiento del fenómeno de la exclusión, como la condición que agrega a la pobreza el hecho de la imposibilidad de incorporarse con plenos derechos a la vida social, al ejercicio de la ciudadanía. Ser excluído no significa solamente ser pobre. Significa estar ausente de la política que define el rumbo de una sociedad en una época, en un territorio determinado. La autora culmina haciendo un llamado a la necesidad de revisar y redimensionar las formas que adquiere la presencia social de los excluidos en su diversidad, sus expresiones contradictorias, sus exigencias, el ejercicio de sus derechos, para la elaboración de una política que revindique efectivamente el derecho al bienestar y a la esperanza colectiva. 
650 4 |a CIUDADANIA 
650 4 |a EXCLUSION SOCIAL 
650 4 |a POBREZA 
900 |a CURRENT SOCIOLOGY-1/02 
942 |c BK 
999 |c 29921  |d 29921